<?xml version="1.0" encoding="UTF-8"?>
<marc:record xmlns:marc="http://www.loc.gov/MARC21/slim">
   <marc:leader>00000nam a2200000 a 4500</marc:leader>
   <marc:datafield ind1="1" ind2=" " tag="100">
      <marc:subfield code="a">Lind, Hera</marc:subfield>
      <marc:subfield code="4">aut</marc:subfield>
      <marc:subfield code="e">Verfasser/-in</marc:subfield>
   </marc:datafield>
   <marc:datafield ind1=" " ind2=" " tag="653">
      <marc:subfield code="a">Fiktionale Darstellung</marc:subfield>
   </marc:datafield>
   <marc:datafield ind1=" " ind2=" " tag="653">
      <marc:subfield code="a">Romanhafte Biographien</marc:subfield>
   </marc:datafield>
   <marc:datafield ind1="0" ind2="0" tag="245">
      <marc:subfield code="a">Über alle Grenzen</marc:subfield>
   </marc:datafield>
   <marc:datafield ind1="0" ind2="0" tag="245">
      <marc:subfield code="b">Roman nach einer wahren Geschichte</marc:subfield>
   </marc:datafield>
   <marc:datafield ind1="0" ind2="0" tag="245">
      <marc:subfield code="c">Lind, Hera</marc:subfield>
   </marc:datafield>
   <marc:datafield ind1=" " ind2="1" tag="264">
      <marc:subfield code="a">München</marc:subfield>
      <marc:subfield code="b">Diana</marc:subfield>
   </marc:datafield>
   <marc:datafield ind1="1" ind2=" " tag="520">
      <marc:subfield code="a">Angaben aus der Verlagsmeldung &#xD;
&#xD;
 &#xD;
&#xD;
  Über alle Grenzen : Roman nach einer wahren Geschichte / von Hera Lind &#xD;
&#xD;
 &#xD;
Lotte ist neun Jahre alt, als ihre Familie 1960 von Bayern nach Thüringen zieht. Ihr Vater hat dort eine Stelle als Zoo-Inspektor angenommen und niemand ahnt, dass sich wenige Jahre später die Grenze schließt und die DDR hinter der Mauer verschwindet. Im Erfurter Zoo scheint die Idylle fortzubestehen, doch der Sohn Bruno will zurück in die Freiheit. Tatsächlich gelingt ihm die Flucht, aber für seine Familie ändert sich damit alles. Als vermeintlicher Mitwisser wird der Vater verhaftet, verhört und verurteilt. Die Mutter zerbricht daran, und auch Lotte bekommt die Macht des Staates zu spüren. Erst vierzig Jahre später kehrt der verlorene Bruder unter tragischen Umständen in ihr Leben zurück ...</marc:subfield>
   </marc:datafield>
   <marc:datafield ind1=" " ind2=" " tag="020">
      <marc:subfield code="a">9783453291881</marc:subfield>
      <marc:subfield code="9">9783453291881</marc:subfield>
   </marc:datafield>
   <marc:datafield ind1=" " ind2=" " tag="020">
      <marc:subfield code="a">3453291883</marc:subfield>
      <marc:subfield code="9">3453291883</marc:subfield>
   </marc:datafield>
   <marc:datafield ind1=" " ind2=" " tag="041">
      <marc:subfield code="a">ger</marc:subfield>
   </marc:datafield>
   <marc:datafield ind1=" " ind2=" " tag="338">
      <marc:subfield code="a">Band</marc:subfield>
   </marc:datafield>
   <marc:datafield ind1=" " ind2=" " tag="300">
      <marc:subfield code="a">384 Seiten</marc:subfield>
   </marc:datafield>
</marc:record>
